Externé a interné prostredie vybraného podniku cestovného ruchu - penzión bakalárska práca

Na minha lista:
Detalhes bibliográficos
Autor principal: Kohútová, Ivana
Autor Corporativo: Obchodná fakulta EU. Katedra služieb a cestovného ruchu - zrušené
Outros Autores: Trefil, Peter
Formato: Livro
Idioma:eslovaco
Publicado em: Bratislava 2011
Tags: Adicionar Tag
Sem tags, seja o primeiro a adicionar uma tag!

MARC

LEADER 00000nbm a2200000 4500
001 0132009
005 20161109111425.8
041 0 |a slo 
044 |a SK 
245 1 0 |a Externé a interné prostredie vybraného podniku cestovného ruchu - penzión  |b bakalárska práca  |c Ivana Kohútová ; školiteľ: Peter Trefil 
264 1 |a Bratislava  |c 2011 
300 |a 63 s. 
100 1 |a Kohútová, Ivana 
700 1 |a Trefil, Peter 
710 2 |a Obchodná fakulta EU. Katedra služieb a cestovného ruchu - zrušené